000 01223naa a22003377a 4500
001 BR7804709
003 BR-BrBNA
005 20240918174136.0
007 ta
008 230509b bl.||||| |||| 00| 0 por d
040 _aBR-BrBNA
_bpor
_cBiblioteca Nacional de Agricultura
041 _a(Pt)
072 _aF60
_b1930
_bG514
090 _aF60 BR7804709
100 1 _aFavoretto, V.
100 1 _aFurtado, C.E.
111 1 _aEncontro sobre Pecuaria Leiteira
_cSao Carlos, SP (Brazil)
_d23 Apr 1978
245 1 _aManejo do capim coloniao com base em diferentes alturas da vegetacao [Panicum maximum; Fisiologia vegetal; Jaboticabal; Sao Paulo; Brasil]
260 3 _aSao Carlos, SP (Brasil):
_c1978.
500 _aAnais do Encontro sobre Pecuaria Leiteira Sao Carlos, SP (Brasil): 1978. p. 32-34 (BR7804709-AM)F60
650 _aFisiologia vegetal
650 _aCapim coloniao
650 _aControle quimico
650 _aCurva de crescimento
650 _aMateria seca
650 _aRelacao caule-folha
650 _aSao Paulo
773 0 _tAnais do Encontro sobre Pecuaria Leiteira
_wF60 BR7804709
_gSao Carlos, SP (Brasil), 1978. p. 32-34
909 _a202404
_bLucia
_c55
_dLucia Elande
942 _cAM
_2AGRIS
999 _c309174
_d309174